Statistics for Ben Quiz II

Click here to take the quiz!

General Stats

  • This quiz has been taken 5 times
  • The average score is 23 of 35

Answer Stats

QuestionAnswer% Correct
How many senators are there currently in congress100
100%
What did Nixon do to get him impeachedHe spied on the democrats
100%
Who assassinated Abraham LincolnJohn Wilkes Booth
100%
In what movie does Jack Nicholson play an inmate in an asylumOne flew over the Cuckoo's Nest
100%
What books was Sir Arthur Conan Doyle famous for writingSherlock Holmes
100%
What stone was located on VormirSoul Stone
100%
Which of these events happened in 1912The Titanic
100%
What is not a state that borders PennsylvaniaVirginia
100%
In what city does the Willis tower resideChicago
80%
What makes "el capitan" and "old faithful" similarFeatures of national parks
80%
Who was the first pick in the 1984 NBA draftHakeem Olajuwon
80%
What operation did Hitler undertake that vastly changed the course of the warInvaded the Soviet Union in the middle of attack Britain
80%
In what city would you find PNC park, the Andy Warhol museum and Carnegie Mellon UniversityPittsburgh
80%
In what state could you find the Parthenon, the great smoky mountain national park, and GracelandTenessee
80%
What landmark is NOT on the west coastThe Arch
80%
Who is famous for performing songs like Wouldn't it be Nice and God Only KnowsThe Beach Boys
80%
What was the line that seperates the north from the southThe Mason Dixon line
80%
What is the world's longest riverThe Nile
80%
In the Arlington National Cemetary, What is the soldier watching overThe Tomb of the Unknown Soldier
80%
What book uses an interesting metaphor to detail the Soviet Power StruggleAnimal Farm
60%
Which of these places has all four sportsBoston
60%
What is the premise of Good Will HuntingGenius Poor kid sees a therapist in order to learn more about life
60%
Who is the star Defensive End for the Lafayette LeopardsMalik Ham
60%
Does Major League Baseball have an international teamYes
60%
Before Barry Sanders and Calvin Johnson, who was the original player to retire in his primeJim Brown
40%
What city are the Rolling Stones fromLondon
40%
Who was the lead singer of Led ZepplinRobert Plant
40%
Which two teams competed in the first-ever college football gameRutgers and Princeton
40%
Who was the rookie of the year in 2018Saquon Barkley
40%
What is the song "American Pie" aboutThe Death of Buddy Holly
40%
Which of these is NOT one of my dog's nameCody
20%
Who wrote and performs the song "white winter hymnal"Fleet Foxes
20%
The book and mini-series "Band of Brothers" details whatThe 101st Airbourne Divison and their way from D-day to Germany
20%
What is different about the MAC conference in college footballThey play on tuesdays and wednesdays
20%
What is NOT one of the rules that every Muslim must followWoman must always cover their heads
20%

Score Distribution

Percentile by Number Answered

Percent of People with Each Score

Your Score History

You have not taken this quiz